Homeless bird / (Record no. 2723)

MARC details
000 -LEADER
fixed length control field 00881cam a2200277 a 4500
005 - DATE AND TIME OF LATEST TRANSACTION
control field 20240111101826.0
020 ## - INTERNATIONAL STANDARD BOOK NUMBER
International Standard Book Number 0060284544
020 ## - INTERNATIONAL STANDARD BOOK NUMBER
International Standard Book Number 0060284528 (lib. bdg.)
020 ## - INTERNATIONAL STANDARD BOOK NUMBER
International Standard Book Number 9780439329248
040 ## - CATALOGING SOURCE
Original cataloging agency DLC
Transcribing agency DLC
Modifying agency DLC
Language of cataloging eng
050 00 - LIBRARY OF CONGRESS CALL NUMBER
Classification number PZ7.W5718
Item number Ho 2000
082 00 - DEWEY DECIMAL CLASSIFICATION NUMBER
Edition number 21
100 1# - MAIN ENTRY--PERSONAL NAME
Personal name Whelan, Gloria
245 10 - TITLE STATEMENT
Title Homeless bird /
Statement of responsibility, etc. Gloria Whelan
250 ## - EDITION STATEMENT
Edition statement First Scholastic printing, September 2001
260 ## - PUBLICATION, DISTRIBUTION, ETC.
Place of publication, distribution, etc. New York :
Name of publisher, distributor, etc. Scholastic,
Date of publication, distribution, etc. 2000
300 ## - PHYSICAL DESCRIPTION
Extent 216 pages ;
Dimensions 19 cm
505 ## - FORMATTED CONTENTS NOTE
Formatted contents note R
520 ## - SUMMARY, ETC.
Summary, etc. When thirteen-year-old Koly enters into an ill-fated arranged marriage, she must either suffer a destiny dictated by India's tradition or find the courage to oppose it.
521 ## - TARGET AUDIENCE NOTE
Target audience note 800
Source Lexile
521 ## - TARGET AUDIENCE NOTE
Target audience note R
Source Raz-Plus
650 #1 - SUBJECT ADDED ENTRY--TOPICAL TERM
Topical term or geographic name entry element Courage
Form subdivision Fiction.
906 ## - LOCAL DATA ELEMENT F, LDF (RLIN)
a 7
b cbc
c orignew
d 1
e ocip
f 19
g y-gencatlg
942 ## - ADDED ENTRY ELEMENTS (KOHA)
Source of classification or shelving scheme Dewey Decimal Classification
Koha item type Books
Suppress in OPAC No
999 ## -
-- 2723
-- 2723
Holdings
Withdrawn status Lost status Source of classification or shelving scheme Damaged status Not for loan Collection Home library Current library Shelving location Date acquired Total Checkouts Full call number Barcode Date last seen Price effective from Koha item type
    Dewey Decimal Classification     Juvenile Fiction Footprints International School Library Network Toul Kork Campus Footprints International School Library Network Toul Kork Campus TTP Secondary Fiction Bookshelves 01/11/2024   WHE 973.7/85 PZ7.W5718 FIS00114 01/11/2024 01/11/2024 Books